000 00780nam a22002177i 4500
999 _c22999
_d22999
003 AR-CdUCM
008 240823b20202020 pe||||| |||| 00| 0 spa d
020 _a978-84-17942-36-6
040 _aMUNICIPALIDAD PROVINCIAL DEL CUSCO
_cBIBLIOTECA MUNICIPAL DEL CUSCO
082 _a371.3 / V66M
_bV66M
_27ma
100 _aVilla, Juan Pablo
_950237
245 _aManual de coaching :
_bCómo mejorar el rendimiento de las personas /
260 _aEspaña :
_bEditorial Profit,
_c2020
300 _a207 páginas. :
_c23 cm
505 _aFundamentos del coaching -- Tipos de coaching -- Herramientas del coaching
650 _aCoaching
_950238
650 _aPsicología moderna
_939815
700 _aCaperán, José Ángel
_950239
942 _2ddc
_cLIBROS
945 _apbj
_d2024-08-23